Bosquejo minero de la sierra de Cartagena (Record no. 189610)

MARC details
000 -LEADER
campo de control de longitud fija 00863nam a2200169 i 4500
001 - NÚMERO DE CONTROL
campo de control 189610
003 - IDENTIFICADOR DE NÚMERO DE CONTROL
campo de control SpMaBN
005 - FECHA Y HORA DE LA ÚLTIMA TRANSACCIÓN
campo de control 20250627063706.0
008 - DATOS DE LONGITUD FIJA--INFORMACIÓN GENERAL
campo de control de longitud fija 190625s1872 sp |||| | spa d
100 1# - ENTRADA PRINCIPAL--NOMBRE DE PERSONA
Nombre de persona Malo de Molina, Manuel,
Fechas asociadas al nombre 1843-
9 (RLIN) 167429
245 10 - MENCIÓN DEL TÍTULO
Título Bosquejo minero de la sierra de Cartagena
Resto del título : memoria premiada e impresa por la Sociedad Económica de Amigos del País de Cartagena /
Mención de responsabilidad, etc. Manuel Malo de Molina.
260 ## - PUBLICACIÓN, DISTRIBUCIÓN, ETC.
Lugar de publicación, distribución, etc. Cartagena :
Nombre del editor, distribuidor, etc. [Sociedad Económica de Amigos del País de Cartagena] :
-- Imp. y lit. de L. Montells,
Fecha de publicación, distribución, etc. 1872.
300 ## - DESCRIPCIÓN FÍSICA
Extensión 61 p. ;
Dimensiones 26 cm.
650 #4 - PUNTO DE ACCESO ADICIONAL DE MATERIA--TÉRMINO DE MATERIA
Término de materia o nombre geográfico como elemento de entrada Minería-
Subdivisión geográfica Murcia (Comunidad Autónoma)
9 (RLIN) 167076
852 ## - LOCALIZACIÓN
Ubicación ES-MaACL
Número de control de estantería L-32450(7)
Nota libre - Enc. cart.
-- . - Legado Federico de Botella y de Hornos
-- - Enc. en un vol. facticio, con tít. en el lomo de: España, geología: memorias varias, 3
Holdings
Estatus retirado Estado de pérdida Estado de daño No para préstamo Colección Biblioteca de origen Biblioteca actual Ubicación en estantería Fecha de adquisición Fuente de adquisición Total de préstamos Signatura topográfica completa Código de barras Visto por última vez Precio de reemplazo Tipo de ítem Koha
        Libros del s. XIX Biblioteca del Ateneo de Madrid Biblioteca del Ateneo de Madrid Depósito 2 25/06/2019     L-32450(7) 1200940 23/02/2023 23/02/2023 Libro impreso antiguo